| 000 | 00583nam a22001937a 4500 | ||
|---|---|---|---|
| 005 | 20260423080631.0 | ||
| 008 | 260423b |||||||| |||| 00| 0 eng d | ||
| 020 |
_a9789358491753 _c220.00 |
||
| 040 | _aMAIN | ||
| 041 | _aasm | ||
| 082 |
_a305.42 _bDAS. |
||
| 100 |
_aDas, Deepan. _dDas, Baikuntha. |
||
| 245 |
_aনাৰীবাদ :তত্ত্ব আৰু প্ৰয়োগ( Feminism : Theory And Practice) _cBy Deepan Das. |
||
| 250 | _a1st ed. | ||
| 260 |
_aDibrugarh: _bBanalata; _c2025. |
||
| 300 | _a248p. | ||
| 650 | _aPolitical Science | ||
| 942 |
_2ddc _cBK |
||
| 999 |
_c16425 _d16425 |
||